| 000 | 01010nam a2200277 a 4500 | ||
|---|---|---|---|
| 003 | DO-SdBNP | ||
| 005 | 20221110121421.0 | ||
| 007 | ta | ||
| 008 | 091130s2022 dr a a 000 0 spa d | ||
| 020 | _a9789945933604 | ||
| 040 |
_aDO-SdBNP _bspa _cBNPHU |
||
| 082 |
_axxxx _bM375m |
||
| 100 |
_aMarte Grullón, Henrry A _981822 |
||
| 245 | 0 | 0 |
_aMi garabato libro de trazos : _b4 años nivel inicial / _cHenrry A. Marte Grullón ; coautor José Aníbal Portorreal |
| 246 |
_aCuaderno de actividades para practicar la escritura : _bgrafomotricidad |
||
| 260 |
_bImpratex, _aSanto Domingo : _c2022. |
||
| 300 |
_a218 p. : _bil. ; _c22 cm. |
||
| 490 | _aNivel inicial para niños/as de 2 a 5 años | ||
| 500 | _aPre-lectura, Pre-escritura, Trazados. | ||
| 521 | _aDirigido a niños/as de 2 a 5 años | ||
| 590 | _aInventariado, 2022 / YL | ||
| 700 |
_aPortorreal, José Aníbal _ecoautor _981825 |
||
| 830 |
_nNivel inicial para niños/as de 2 a 5 años _981823 |
||
| 910 | _aYLockward | ||
| 942 |
_2ddc _cLBS1 |
||
| 999 |
_c52868 _d52868 |
||